书目信息 |
| 题名: |
使用公路美学
|
|
| 作者: | 美国土木工程师协会公路分会 编 | |
| 分册: | ||
| 出版信息: | 北京 人民交通出版社 1981 |
|
| 页数: | 104页 | |
| 开本: | 19cm | |
| 丛书名: | ||
| 单 册: | ||
| 中图分类: | U412 | |
| 科图分类: | ||
| 主题词: | 道路工程 | |
| 电子资源: | ||
| ISBN: | ||
| 000 | 00640nam0 2200205 45 | |
| 001 | 0405180846 | |
| 005 | 20040518084720.0 | |
| 010 | @dCNY0.60 | |
| 091 | @a15044.1706 | |
| 100 | @a20040518d1981 km y0chiy0120 ea | |
| 101 | 0 | @achi |
| 105 | @aa z 000yy | |
| 200 | 1 | @a使用公路美学@AShi Yong Gong Lu Mei Xue@f(美)美国土木工程师协会公路分会等编@F(Mei)Mei Guo Tu Mu Gong Cheng Shi Xie Hui Gong Lu Fen Hui Deng Bian |
| 210 | @a北京@c人民交通出版社@d1981 | |
| 215 | @a104页@c图表@d19cm | |
| 606 | 0 | @a道路工程 |
| 690 | @aU412@v3 | |
| 701 | 0 | @a美国土木工程师协会公路分会@4编 |
| 801 | @aCN@bTSTCL@c20040518 | |
| 905 | @f1@b41002@dU412@e85 | |
| 使用公路美学/(美)美国土木工程师协会公路分会等编.-北京:人民交通出版社,1981 |
| 104页:图表;19cm |
| ISBN :CNY0.60 |
| ● |
| 相关链接 |
|
|
|
|
正题名:使用公路美学
索取号:U412/85
 
预约/预借
| 序号 | 登录号 | 条形码 | 馆藏地/架位号 | 状态 | 备注 |
| 1 | 0041002 | 001487714 | 第三借阅区/ [索取号:U412/85] | 在馆 |